Loading...
| Literature - American Literature | 0 | 4 | 0 | 1 | 40 | 68 | 108.75 | 0 | 2 |
| Science - Chemistry | 0 | 3 | 0 | 1 | 30 | 57 | 84.67 | 0 | 1 |
| Literature - British Literature | 0 | 3 | 1 | 1 | 25 | 96 | 119.00 | 0 | 0 |
| Literature - World/Other Literature | 0 | 2 | 0 | 1 | 20 | 108 | 126.00 | 0 | 0 |
| Literature - European Literature | 0 | 2 | 0 | 0 | 20 | 106 | 122.00 | 0 | 0 |
| Fine Arts - Classical Music | 0 | 2 | 1 | 0 | 15 | 42 | 51.50 | 0 | 2 |
| Science - Other Science | 0 | 2 | 1 | 1 | 15 | 100 | 115.00 | 0 | 0 |
| History - Other History | 0 | 1 | 0 | 1 | 10 | 110 | 110.00 | 0 | 0 |
| Science - Physics | 0 | 1 | 0 | 0 | 10 | 125 | 125.00 | 0 | 0 |
| History - European History | 0 | 1 | 0 | 1 | 10 | 127 | 127.00 | 0 | 0 |
| Religion | 0 | 1 | 0 | 1 | 10 | 129 | 129.00 | 0 | 0 |
| Fine Arts - Other Fine Arts | 0 | 1 | 0 | 1 | 10 | 122 | 122.00 | 0 | 0 |
| Social Science | 0 | 1 | 0 | 0 | 10 | 98 | 98.00 | 0 | 0 |
| Philosophy | 0 | 0 | 0 | 0 | 0 | 0.00 | 0 | 0 | |
| Fine Arts - Visual Fine Arts | 0 | 0 | 1 | 0 | -5 | 0.00 | 0 | 0 |